000 00622cam a22002054a 4500
999 _c7750
_d7750
003 OSt
005 20200518143600.0
008 060517s2007 ohua 001 0 eng
020 _a1581807759 (alk. paper)
020 _a9781581807752 (alk. paper)
082 0 0 _a751.422VOO
_222
100 1 _aVoorhees, Donald,
_d1926-
245 1 0 _aLessons from a lifetime of watercolor painting /
_cDonald Voorhees.
250 _a1st ed.
260 _aCincinnati, Ohio :
_bNorth Light Books,
_cc2007.
300 _a144 p. :
_bcol. ill. ;
_c29 cm.
500 _aIncludes index.
650 0 _aWatercolor painting
_xTechnique.
942 _2ddc